00713nam a2200205Ia 4500003000900000008004100009020001800050040001600068080001300084100002600097245009000123250001200213260003600225300001600261650003300277650004500310942000700355999001700362952012800379IN-BaIIA211028s9999 xx 000 0 eng d a0-13-256983-3 cIIA Library a621bHIB aHibbeler, R.C.928482 0aMechanics of materialscR. C. Hibbeler  a3rd ed. aNew JerseybPrentice-Hallc2002 axiii; 855p. aStrength of materials928170 aStructural Analysis (Engineering)928483 cBK c15423d15423 00104070aBANbHOScGENd2003-09-11eANJ g415.00l0o621/ HIBp16345r2021-11-05v415.00w2003-09-11yBKGRs. 415.00